| 000 | 01145nam a22002057a 4500 | ||
|---|---|---|---|
| 999 |
_c60295 _d60295 |
||
| 003 | Ge_BSU | ||
| 005 | 20230626174032.0 | ||
| 008 | 230626s1991 ge ||||| |||| 00| 0 geo d | ||
| 041 | _ageo | ||
| 080 | _a94(479.2) ა-58 | ||
| 245 |
_aამიერკავკასიის ისტორიის პრობლემები : _b[სამეცნ. წერილების კრებული] / _cმთავ. რედ. ზ. ალექსიძე, ა. აფაქიძე; ტომის რედ. გ. მაისურაძე. |
||
| 264 |
_aთბილისი : _bმეცნიერება, _c 1991. |
||
| 300 |
_a288გვ. ; _b20სმ. |
||
| 504 | _aბიბლიოგრ. ტექსტის შენიშვნ. | ||
| 653 | _aამიერკავკასიის ისტორია | ||
| 700 |
_aალექსიძე, ზ. _eმთავ. რედაქტორი _917990 |
||
| 700 |
_aაფაქიძე, ა. _eრედაქტორი _918982 |
||
| 700 |
_aმაისურაძე, გ. _eტომის რედაქტორი _915064 |
||
| 942 |
_2udc _cBK |
||